|
|
|
|
| LEADER |
00000nam1a2200000 4500 |
| 001 |
92712 |
| 005 |
20231031104814.0 |
| 010 |
|
|
|a 5900428680
|
| 035 |
|
|
|a (RuTPU)RU\TPU\book\99317
|
| 090 |
|
|
|a 92712
|
| 100 |
|
|
|a 20060317d2002 km y0rusy50 ca
|
| 101 |
1 |
|
|a rus
|c eng
|
| 102 |
|
|
|a RU
|
| 200 |
1 |
|
|a Панорама экономической мысли конца XX столетия
|e в 2 т: пер. с англ.
|f Санкт-Петербургский государственный университет экономики и финансов; Высшая школа экономики (ГУ-ВШЭ); под ред. Д. Гринэуэй, М. Блини и И. Стюарта
|
| 210 |
|
|
|a СПб.
|c Экономическая школа
|d 2002-
|
| 225 |
1 |
|
|a Университетская библиотека
|
| 702 |
|
1 |
|a Гринэуэй
|b Д.
|g Дэвид
|4 340
|
| 702 |
|
1 |
|a Блини
|b М.
|g Майкл
|4 340
|
| 702 |
|
1 |
|a Стюарт
|b И.
|g Иэн
|4 340
|
| 712 |
0 |
2 |
|a Санкт-Петербургский государственный университет экономики и финансов (СПбГУЭФ)
|c (1991- )
|2 stltpush
|3 (RuTPU)RU\TPU\col\151
|
| 712 |
0 |
2 |
|a Высшая школа экономики (ГУ-ВШЭ)
|c Государственный университет
|c (Москва)
|2 stltpush
|3 (RuTPU)RU\TPU\col\15
|
| 801 |
|
1 |
|a RU
|b 63413507
|c 20060317
|g PSBO
|
| 801 |
|
2 |
|a RU
|b 63413507
|c 20071016
|g PSBO
|
| 942 |
|
|
|c BK
|